| 000 | 02933nam0a2200397 4500 | ||
|---|---|---|---|
| 001 | RU\NLR\bibl\1040356 | ||
| 005 | 20260406071626.0 | ||
| 010 | _z100 | ||
| 021 |
_aRU _b2006-81420 _94127 |
||
| 035 | _a(nilc)RSL-KNO-002997541 | ||
| 035 | _a(NLR Aleph) 001027755 | ||
| 090 |
_a739077 _c739077 |
||
| 100 | _a20061219d2004 |||y0rusy50 ca | ||
| 101 | 0 | _arus | |
| 102 | _aRU | ||
| 105 | _aa zzzz||||| | ||
| 106 | _ar | ||
| 200 | 1 |
_aАдаптивная составляющая современной системы дополнительного образования _eучебно-методическое пособие _fС. Д. Антонюк, Л. Н. Макарова _gМ-во образования и науки Российской Федерации, Тамбовский гос. ун-т им. Г. Р. Державина |
|
| 210 |
_aТамбов _cИзд-во ТГУ _d2004 _eТамбов _gА-ЭлитА |
||
| 215 |
_a81 с. _cил. _d21 |
||
| 320 | _aБиблиогр.: с. 80-81 (18 назв.) | ||
| 606 | 1 |
_aДополнительное образование детей _jУчебно-методические пособия _92087679 _3RU\NLR\auth\661263852 |
|
| 610 | 0 | _aКультура. Наука. Просвещение -- Народное образование. Педагогические науки -- Общеобразовательная школа. Школьная педагогика -- Школьная педагогика -- Российская Федерация -- Воспитание -- Внеучебная работа -- Внешкольные учреждения -- Учебно-методическое пособие для повышения квалификации | |
| 610 | 0 | _aКультура. Наука. Просвещение -- Народное образование. Педагогические науки -- Общеобразовательная школа. Школьная педагогика -- Школьная педагогика -- Российская Федерация -- Воспитание -- Внеучебная работа -- Отдельные виды внеучебной работы -- Физкультурно-спортивная работа -- Учебно-методическое пособие для повышения квалификации | |
| 686 |
_aЧ421,6(2)387я77-14 _2rubbk |
||
| 686 |
_aЧ421,6(2)385.5я77-14 _2rubbk |
||
| 686 | _aЧ421.38я7 | ||
| 700 | 1 |
_4070 _8rus _7ca _aАнтонюк _bС. Д. _gСергей Дмитриевич _3RU\NLR\auth\7784611 _967539 |
|
| 701 | 1 |
_4070 _8rus _7ca _aМакарова _bЛ. Н. _cд-р пед. наук _f1955- _gЛюдмила Николаевна _3RU\NLR\auth\7728422 _911453 |
|
| 801 | 0 |
_aRU _bРКП _c20061219 _grcr |
|
| 801 | 1 |
_aRU _bРГБ _c20061219 |
|
| 801 | 2 |
_aRU _bNLR _c20070205 _grcr |
|
| 830 | _a1-й авт. по кн. | ||
| 942 | _cBOOK | ||
| 980 | _aNB | ||